La Escuela del Papagayo y alocuciones en Shanti Niketan

Sábháilte in:
Sonraí bibleagrafaíochta
Príomhchruthaitheoir: Tagore, Rabindranath
Formáid: LEABHAR
Teanga:Undetermined
Foilsithe / Cruthaithe: Barcelona, España Cervantes 1928
Ábhair:
Clibeanna: Cuir clib leis
Níl clibeanna ann, Bí ar an gcéad duine le clib a chur leis an taifead seo!

MARC

LEADER 00000nam a2200000Ia 4500
008 170316s9999 xx 000 0 und d
090 |a 800-I T-1e 
100 |a Tagore, Rabindranath 
245 |a La Escuela del Papagayo y alocuciones en Shanti Niketan 
260 |a Barcelona, España 
260 |b Cervantes 
260 |c 1928 
300 |a 142 páginas 
650 |a OTRAS LITERATURAS 
650 |a INDIA 
999 |c 19911  |d 19911 
040 |a cru BVZT 
942 |c 15 D  |h 800-I T-1e  |2 z